[Event "AUTO-OPEN-2899"]
[Site "http://www.queenalice.com/game.php?id=1201450"]
[Date "2013.7.20"]
[Round "2"]
[White "KeeDutra"]
[Black "hepre"]
[Result "1-0"]
[WhiteElo "1676"]
[BlackElo "2074"]

1. c4 Nf6 2. d4 e6 3. Nc3 Bb4 4. Nf3 c5 5. e3 O-O 6. Bd3 d5 7. O-O Nc6 8. cxd5
exd5 9. dxc5 Bxc5 10. h3 Re8 11. b3 Be6 12. Bb2 Qe7 13. Rc1 Rac8 14. Qe2 Nb4 15.
Bb1 Nc6 16. Nxd5 Bxd5 17. Bxf6 Qxf6 18. Rxc5 Rcd8 19. Rfc1 a6 20. Qd3 Be4 21.
Qc3 Qxc3 22. R5xc3 f5 23. Kh2 g6 24. a3 Rd6 25. Ng5 Bxb1 26. Rxb1 Rd2 27. Kg3
Kg7 28. b4 Rd7 29. Nf3 Ne7 30. b5 Nd5 31. Rc2 Ra8 32. bxa6 Rxa6 33. Rd2 Ra5 34.
Rd3 Rc5 35. Nd4 Kf6 36. Ne2 g5 37. Rbd1 h6 38. Nc1 Rd8 39. Nb3 Rb5 40. a4 Rb4
41. Nc5 b6 42. Na6 Rxa4 43. Nc7 Nxe3 44. fxe3 Rxd3 45. Rxd3 Ke5 46. Rd5+ Ke4 47.
Rb5 Rc4 48. Na8 Rc3 49. Rb4+ Kxe3 50. Nxb6 Kd2+ 51. Kf2 Rd3 52. Nc8 Rc3 53. Nd6
Rc5 54. Rb5 Rxb5 55. Nxb5 h5 56. Nd4 f4 57. Nf3+ Kd3 58. Nxg5 h4 59. Kf3 Kd4 60.
Kxf4 Kd5 61. Kg4 1-0

[Event "AUTO-OPEN-2899"]
[Site "http://www.queenalice.com/game.php?id=1201451"]
[Date "2013.7.20"]
[Round "2"]
[White "hepre"]
[Black "KeeDutra"]
[Result "1-0"]
[WhiteElo "2061"]
[BlackElo "1677"]

1. d4 d5 2. c4 e6 3. Nc3 Nf6 4. Bg5 dxc4 5. e3 c6 6. Bxc4 Qa5 7. Bxf6 gxf6 8.
Nh3 Rg8 9. O-O e5 10. Qh5 Rg7 11. Ne4 Nd7 12. Nf4 b5 13. Ne6 bxc4 14. Nxg7+ Bxg7
15. Nd6+ Kd8 16. dxe5 Bf8 17. Nxf7+ Kc7 18. Qxh7 fxe5 19. Rfd1 Be7 20. Qf5 Rb8
21. Rac1 Qc5 22. b3 Rb4 23. Rxc4 Rxc4 24. bxc4 Nb6 25. Qxe5+ Qxe5 26. Nxe5 Bf6
27. Nd3 Nxc4 28. h3 Nb6 29. e4 Be6 30. e5 Be7 31. f4 Bc4 32. Rd2 Bh4 33. Nc5 Bg3
34. Rd4 Bxa2 35. e6 Bh4 36. Na6+ Kc8 37. f5 Be7 38. Rg4 Nd5 39. Kf2 Kb7 40. f6
Bxf6 41. Nc5+ Kc7 42. Ra4 Bb1 43. Rc4 Nb6 44. Rc1 Ba2 45. Kg3 Bd5 46. Re1 Kd6
47. Ne4+ Kxe6 48. Nxf6+ Kxf6 49. Rf1+ Ke5 50. Re1+ Be4 51. h4 Nd5 52. h5 Kf5 53.
Rc1 Nf6 54. Rc5+ Bd5 55. Kh4 Ng4 56. Rc3 Ne5 57. Rc2 Ng4 58. Rc3 Ne5 59. Rc2 Ng4
60. Rc5 Ne3 61. g3 Ng2+ 62. Kh3 Kg5 63. Ra5 Kxh5 64. Rxa7 Ne3 65. Rh7+ Kg5 66.
Re7 Nf5 67. Re1 Nd4 68. Re3 Kf5 69. Rc3 Ne6 70. g4+ Kf4 71. Kh4 1-0

[Event "AUTO-OPEN-2899"]
[Site "http://www.queenalice.com/game.php?id=1201452"]
[Date "2013.7.20"]
[Round "2"]
[White "KeeDutra"]
[Black "dutra2302"]
[Result "0-1"]
[WhiteElo "1587"]
[BlackElo "2299"]

1. e4 e6 2. d4 Nf6 3. Nc3 Bb4 4. e5 Nd5 5. Bd2 d6 6. Nxd5 Bxd2+ 7. Qxd2 exd5 8.
Qf4 dxe5 9. Qxe5+ Be6 10. Nf3 O-O 11. Ng5 Nc6 12. O-O-O Nxe5 13. Nxe6 fxe6 0-1

[Event "AUTO-OPEN-2899"]
[Site "http://www.queenalice.com/game.php?id=1201453"]
[Date "2013.7.20"]
[Round "2"]
[White "dutra2302"]
[Black "KeeDutra"]
[Result "1-0"]
[WhiteElo "2300"]
[BlackElo "1585"]

1. c4 Nf6 2. d4 e6 3. Nc3 d5 4. e3 Bb4 5. Nf3 O-O 6. cxd5 Nxd5 7. Bd2 Bxc3 8.
bxc3 Nd7 9. Bd3 N7f6 10. O-O Bd7 11. e4 Ne7 12. e5 Nfd5 13. Bxh7+ Kh8 14. Ng5
1-0

[Event "AUTO-INT-2561"]
[Site "http://www.queenalice.com/game.php?id=1204745"]
[Date "2013.8.2"]
[Round "2"]
[White "zemaria"]
[Black "KeeDutra"]
[Result "0-1"]
[WhiteElo "1592"]
[BlackElo "1642"]

1. e4 e6 2. d4 Nf6 3. Bd3 Be7 4. Ne2 d6 5. Be3 c5 6. Nec3 O-O 7. f3 Nc6 8. Be2
cxd4 9. Bxd4 Nxd4 10. Qxd4 e5 11. Qe3 a6 12. Na4 Qa5+ 13. Nbc3 Bd8 14. b3 Be6
15. O-O b5 16. Qd3 bxa4 17. Nxa4 d5 18. Qd1 dxe4 19. c3 Be7 20. b4 Qc7 21. Qc2
Bxb4 22. Rac1 Ba3 23. Rb1 exf3 24. Nb6 Bc5+ 25. Kh1 fxe2 26. Qxe2 Bxb6 27. Rfe1
e4 28. h3 Bc4 29. Qb2 Rfb8 30. Qd2 Qe5 31. Rb2 Bc7 32. g4 Rxb2 33. Qxb2 Qg3 34.
Rg1 Qxh3+ 0-1

[Event "AUTO-INT-2561"]
[Site "http://www.queenalice.com/game.php?id=1204746"]
[Date "2013.8.2"]
[Round "2"]
[White "KeeDutra"]
[Black "zemaria"]
[Result "1-0"]
[WhiteElo "1583"]
[BlackElo "1595"]

1. Nf3 d5 2. g3 Bf5 3. Bg2 e6 4. O-O Bd6 5. c4 Ne7 6. d3 f6 7. Nd4 c6 8. e4 Bg6
9. exd5 e5 10. Ne6 Qb6 11. Nxg7+ Kd7 12. Nc3 a6 13. Na4 Qa7 14. Be3 Nf5 15. Bxa7
1-0

[Event "AUTO-INT-2575"]
[Site "http://www.queenalice.com/game.php?id=1207432"]
[Date "2013.8.12"]
[Round "2"]
[White "pablin"]
[Black "KeeDutra"]
[Result "0-1"]
[WhiteElo "1749"]
[BlackElo "1621"]

1. d4 Nf6 2. c4 e6 3. Nf3 Be7 4. Nc3 d5 5. cxd5 Nxd5 6. e4 Nxc3 7. bxc3 Nd7 8.
Bb5 O-O 9. O-O c5 10. dxc5 Nxc5 11. Ba3 Qa5 12. Bxc5 Bxc5 13. a4 a6 14. Be2 Qxc3
15. Rc1 Qa5 16. Ne5 Bxf2+ 17. Rxf2 Qxe5 18. Bf3 b5 19. Ra1 b4 0-1

[Event "AUTO-INT-2575"]
[Site "http://www.queenalice.com/game.php?id=1207433"]
[Date "2013.8.12"]
[Round "2"]
[White "KeeDutra"]
[Black "pablin"]
[Result "1-0"]
[WhiteElo "1656"]
[BlackElo "1760"]

1. Nf3 Nf6 2. g3 Nc6 3. d4 d5 4. Bg2 Bg4 5. Nbd2 e6 6. O-O Bb4 7. c3 Ba5 8. Ne5
O-O 9. Nxg4 Nxg4 10. e4 Nf6 11. e5 Nd7 12. Re1 b5 13. b4 Bb6 14. Nf3 a5 15. a3
axb4 16. cxb4 Nxb4 17. Qb3 Nc6 18. Be3 Ra5 19. Rec1 Ne7 20. Bd2 Ra6 21. Qxb5 Qa8
22. Qxd7 Nf5 23. Bb4 Rd8 24. Qb5 Nxd4 25. Qd3 Nxf3+ 26. Bxf3 c5 27. Bxc5 Bc7 28.
Bd4 Bb6 29. Bxb6 Rxb6 30. Bd1 d4 31. Rc4 Qd5 32. f4 Rc6 33. Rac1 Qb5 34. Ba4
Rxc4 35. Rxc4 Qd5 36. Bc2 g6 37. Bb3 Qa5 38. a4 Qb6 39. h4 1-0

[Event "AUTO-INT-2575"]
[Site "http://www.queenalice.com/game.php?id=1262409"]
[Date "2014.3.5"]
[Round "3"]
[White "KeeDutra"]
[Black "biskydad"]
[Result "0-1"]
[WhiteElo "1691"]
[BlackElo "1743"]

1. Nf3 d5 2. d4 c5 3. c4 Nf6 4. Nc3 e6 5. e3 Nc6 6. Be2 cxd4 7. exd4 a6 8. O-O
dxc4 9. Bxc4 b5 10. Bd3 Nxd4 11. Nxd4 Qd6 12. Ndxb5 Qe5 13. Re1 Qh5 14. Qxh5
Nxh5 0-1

[Event "AUTO-INT-2575"]
[Site "http://www.queenalice.com/game.php?id=1262410"]
[Date "2014.3.5"]
[Round "3"]
[White "biskydad"]
[Black "KeeDutra"]
[Result "1-0"]
[WhiteElo "1728"]
[BlackElo "1706"]

1. e4 c5 2. Bc4 e6 3. c3 Nf6 4. f3 Nc6 5. d4 d5 6. Bb5 Qb6 7. a4 dxe4 8. Na3
cxd4 9. Nc4 Qc7 10. Bxc6+ Qxc6 11. Qxd4 Bc5 12. Ne5 Bxd4 13. Nxc6 Bxg1 14. Ne7
Kxe7 15. Rxg1 1-0